Science Quiz

Random Science or Chemistry Quiz
Score 0/50 Timer 07:00
0 Plays Today
Element % Correct
OOxygen
90.1%
CCarbon
83.2%
LLithium
77.9%
SSulfur
74.8%
RRadon
74.2%
PPhosphorus
68.8%
RRadium
68.2%
CCalcium
68.1%
PPotassium
65.6%
EEinsteinium
64.7%
CCopper
64.4%
SSodium
64.2%
SSilicon
63.7%
SSilver
62.6%
SSelenium
61.1%
CChlorine
59.9%
CCobalt
59.7%
LLead
58.3%
CCesium
55.5%
PPlutonium
54.9%
OOsmium
54.7%
CCadmium
54.6%
PPlatinum
52.1%
PPalladium
49.1%
RRutherfordium
49%
Element % Correct
SStrontium
48.4%
CChromium
48.2%
RRubidium
46.8%
PPolonium
45.7%
LLanthanum
45.6%
CCalifornium
44.9%
SScandium
44.6%
RRhodium
44.2%
EErbium
42.9%
CCurium
40.9%
RRhenium
40.1%
EEuropium
39.3%
CCerium
36.3%
LLawrencium
36.1%
RRuthenium
34.6%
SSeaborgium
32.8%
SSamarium
31.1%
LLutetium
29.3%
PPraseodymium
28.3%
PProtactinium
28%
CCopernicium
28%
RRoentgenium
27.9%
OOganesson
27.8%
PPromethium
26.9%
LLivermorium
26.9%
Remove Ads.
Support Sporcle.
Get the best of Sporcle when you Go Orange. This ad-free experience offers more features, more stats, and more fun while also helping to support Sporcle. Thank you for becoming a member.

You're not logged in!

Compare scores with friends on all Sporcle quizzes.
OR
Log In

Show Comments

Extras

Top Quizzes Today


Score Distribution

Your Account Isn't Verified!

In order to create a playlist on Sporcle, you need to verify the email address you used during registration. Go to your Sporcle Settings to finish the process.

Report this User

Report this user for behavior that violates our Community Guidelines.

Details: